00492nam a2200193 a 4500001001300000003000900013005001700022008004100039020001000080082001500090100001500105245002300120260005000143300000900193500003500202505001900237650002700256700001500283nice12345678IN_TiNIC20260116012759.0050524s1959 lina grp 000 0 eng  ac10000a232.9bWHI aWhite, E G aChrist Our Saviour aLincolnshirebStanborough Press Limitedc1959 a126p aincludes index and biblioraphy2 aIndex of Names aJesus Christ-Biography1 aWhite, E G